Journal of combinatorics and number theory

Detalles Bibliográficos
Formato: Electrónico Revista
Lenguaje:inglés
Publicado: Hauppauge, N.Y. : Nova Science Publishers
Materias:
Acceso en línea:Full text available from Research Library: 01/01/2011 to present

MARC

LEADER 00000nas a2200000 a 4500
001 ssj0001454290
003 WaSeSS
005 20200512172242.0
006 m d
007 cr n
008 080522c20099999nyuqr p s 0 a0eng c
010 |a  2008215426 
022 |l 1942-5600  |y 1942-5600 
035 |a (WaSeSS)ssj0001454290 
037 |b Nova Science Publishers, 400 Oser Ave., Ste 1600, Hauppauge, NY 11788  |c $195.00 
040 |a NSD  |b eng  |c NSD  |d DLC  |d OCLCQ  |d OCLCF  |d OCLCO  |d AU@  |d CUS  |d WaSeSS 
042 |a pcc  |a nsdp 
050 0 0 |a QC20.7.C58  |b J68 
082 1 0 |a 511 
210 0 |a Journal comb. number theory 
222 0 |a Journal of combinatorics and number theory 
245 0 0 |a Journal of combinatorics and number theory  |h [electronic resource]. 
260 |a Hauppauge, N.Y. :  |b Nova Science Publishers 
310 |a Quarterly 
362 1 |a Began with vol. 1, issue 1 (2009). 
506 |a License restrictions may limit access. 
588 |a Description based on first issue; title from cover. 
650 0 |a Combinatorial analysis  |v Periodicals. 
650 0 |a Mathematical analysis  |v Periodicals. 
650 0 |a Mathematical physics  |v Periodicals. 
650 7 |a Combinatorial analysis.  |2 fast  |0 (OCoLC)fst00868961 
650 7 |a Mathematical analysis.  |2 fast  |0 (OCoLC)fst01012068 
650 7 |a Mathematical physics.  |2 fast  |0 (OCoLC)fst01012104 
655 0 |a Electronic journals. 
850 |a DLC 
856 4 0 |z Full text available from Research Library: 01/01/2011 to present  |u https://search.proquest.com/publication/2034848